PRODUCTION AND QUALITY EVALUATION OF COCOA WINE (Record no. 17601)
[ view plain ]
| 000 -LEADER | |
|---|---|
| fixed length control field | 00419nam a22001337a 4500 |
| 003 - CONTROL NUMBER IDENTIFIER | |
| control field | OSt |
| 082 ## - DEWEY DECIMAL CLASSIFICATION NUMBER | |
| Classification number | 630 |
| 088 ## - REPORT NUMBER | |
| Report number | P547 |
| 100 ## - MAIN ENTRY--AUTHOR NAME | |
| Personal name | ANJITHA, B. S |
| -- | APARNA, V. M |
| -- | KAVYA, M |
| -- | NAMITHA, ASHOKAN |
| -- | SREEDEV, V. S |
| 245 ## - TITLE STATEMENT | |
| Title | PRODUCTION AND QUALITY EVALUATION OF COCOA WINE |
| 260 ## - PUBLICATION, DISTRIBUTION, ETC. (IMPRINT) | |
| Place of publication | Thavanur |
| Year of publication | 2022 |
| 700 ## - ADDED ENTRY--PERSONAL NAME | |
| Personal name | Ms Sreeja R |
| 942 ## - ADDED ENTRY ELEMENTS (KOHA) | |
| Koha item type | Project Report |
| 260 ## - PUBLICATION, DISTRIBUTION, ETC. (IMPRINT) | |
| -- | Kelappaji College of Agricultural Engineering and Technology |
| Collection code | Home library | Current library | Shelving location | Full call number | Accession Number | Koha item type |
|---|---|---|---|---|---|---|
| Reference | KAUAET | KAUAET | Reference1 | 630 | P547 | Project Report |
